000 00849nam0a22002411 4500
001 v19\rc\2083045
005 20250620033610.0
035 _a(NLR Aleph) 005153503
090 _a4924008
_c4924008
100 _a20081218d1912 |||y0rusy50 ca
101 0 _arus
102 _aRU
105 _ay z |||||
200 1 _aМотивы деревянной архитектуры
_eМотивы фасадов и обстановки магазинов
210 _aСанкт-Петербург
_d1912
215 _a24 рис.
700 1 _aГреф
_bМ.
_gМакс
801 0 _aRU
_bNLR
_gpsbo
801 1 _aRU
_bProSoft-M
_2rusmarc
830 _aИсточник: Оглоблин, Н.Я., кн. маг.: Каталог техн. лит. Киев, 1913, с. 2, № 34. Шифр: С301-670/О-37
852 _aNLR
_jDesideratum
942 _cBOOK
980 _aNB